00252nam a2200109Ia 4500008004100000100001500041245003800056260001000094260000900104546001200113999001700125170619s9999 xx 000 0 und d aRaghavan V 0aMATERIALS SCIENCE AND ENGINEERING bP H I c2008 aENGLISH c18736d18736